MARC

LEADER 00000nam0a2200000 4500
001 265282
005 20231101233915.0
035 |a (RuTPU)RU\TPU\book\288283 
090 |a 265282 
100 |a 20140625d1986 k y0rusy50 ca 
101 0 |a rus 
102 |a RU 
105 |a a g 001zy 
200 1 |a Справочник для работников газовых служб в сельском хозяйстве  |f Б. Г. Кряжев, И. В. Дудин, А. Е. Мерлин 
210 |a Москва  |c Недра  |d 1986 
215 |a 320 с.  |c ил. 
320 |a Библиогр.: с. 318. 
606 1 |a Сельское хозяйство  |x Газификация  |2 stltpush  |3 (RuTPU)RU\TPU\subj\54453  |9 72606 
610 1 |a справочники 
610 1 |a газовая служба 
610 1 |a газ 
610 1 |a параметры 
610 1 |a природный газ 
610 1 |a использование 
610 1 |a газовое отопление 
610 1 |a применение 
610 1 |a газовые сети 
610 1 |a сельские населенные пункты 
610 1 |a автоматизация 
675 |a 631.1(035)  |v 3 
700 1 |a Кряжев  |b Б. Г. 
701 1 |a Дудин  |b И. В. 
701 1 |a Мерлин  |b А. Е. 
801 1 |a RU  |b 63413507  |c 20140625 
801 2 |a RU  |b 63413507  |c 20151008  |g RCR 
942 |c BK